| 000 | 00357nam a2200145Ia 4500 | ||
|---|---|---|---|
| 008 | 150201s2007 xx 000 0 und d | ||
| 082 |
_a617.525 _bO2007B |
||
| 100 | _aBALAJI S.M. | ||
| 245 | _aTEXT BOOK OF ORAL & MAXILLOFACIAL SURGERY | ||
| 250 | _a1ST | ||
| 260 |
_bELSEVIER _aDELHI _c2007 |
||
| 300 | _a1-695 | ||
| 650 | _aORAL SURGERY | ||
| 942 |
_2ddc _cBK |
||
| 999 |
_c3619 _d3619 |
||